000 01086cam a22002771i 4500
003 SA-RiAUC
005 20250617053631.0
008 250614s1987 ua g 000 0 ara c
020 _a9771421476
040 _aQA-DoQUL
_bara
_cSA-RiAUC
_erda
082 0 4 _a237.6
_qSA-RiAUC
090 _a237.6
_b ا ب ن ع
100 1 _aابن عبد الهادي، عبد المهدي بن عبد القادر
_eمؤلف.
245 1 0 _aطرق تخريج حديث رسول الله صلى الله عليه وسلم /
_cعبد المهدي بن عبد القادر بن عبد الهادي.
250 _aالطبعة الأولى.
264 1 _aالقاهرة :
_bدار الاعتصام،
_c1987
300 _a309 صفحة ؛
_c25 سم
336 _aنص
_btxt
_2rdacontent
_3كتاب
337 _aبدون وسيط
_bn
_2rdamedia
338 _aمجلد
_bnc
_2rdacarrier
650 7 _aالحديث
_xمستخرجات
_2aucsh
650 7 _aالحديث
_xإسناد
_2aucsh
942 _2ddc
_cBOOK
_n0
949 _aSA-JeALM
_d250614
_umohamedma123
_n1
999 _c9047
_d9047